<?xml version="1.0" encoding="UTF-8"?>
<collection xmlns="http://www.loc.gov/MARC21/slim">
 <record>
  <leader>00558pamaa2200157   4500</leader>
  <controlfield tag="001">0000009037</controlfield>
  <controlfield tag="005">20070329090000.0</controlfield>
  <datafield tag="020" ind1="0" ind2="0">
   <subfield code="a">0316114065 </subfield>
  </datafield>
  <datafield tag="090" ind1="0" ind2="0">
   <subfield code="a">D422 </subfield>
   <subfield code="b">BRO 1996</subfield>
  </datafield>
  <datafield tag="100" ind1="1" ind2="0">
   <subfield code="a">BROWNSTONE </subfield>
  </datafield>
  <datafield tag="245" ind1="1" ind2="0">
   <subfield code="a">Timelines of the 20th century : </subfield>
   <subfield code="b">a chronology of 7,500 key events, discoveries, and people that shaped our century  </subfield>
   <subfield code="c">David Brownstone and Irene Franck.</subfield>
  </datafield>
  <datafield tag="250" ind1="0" ind2="0">
   <subfield code="a">1st ed.</subfield>
  </datafield>
  <datafield tag="260" ind1="0" ind2="0">
   <subfield code="a">Boston: </subfield>
   <subfield code="b">Little, Brown and Company, </subfield>
   <subfield code="c">1996.</subfield>
  </datafield>
  <datafield tag="300" ind1=" " ind2=" ">
   <subfield code="a">vi, 506p.: </subfield>
   <subfield code="b">30cm.</subfield>
  </datafield>
  <datafield tag="650" ind1="0" ind2="0">
   <subfield code="a">History, Modern -- </subfield>
   <subfield code="x">20th century -- </subfield>
   <subfield code="x">Chronology </subfield>
  </datafield>
  <datafield tag="700" ind1="1" ind2="1">
   <subfield code="a">FRANK, </subfield>
   <subfield code="h">Irene M. </subfield>
  </datafield>
 </record>
</collection>
